| 000 | 00794cam a2200241 a 4500 | ||
|---|---|---|---|
| 001 | 000018648 | ||
| 005 | 20200929165832.0 | ||
| 008 | 720207s1968 sp b 000 f spa d | ||
| 040 |
_aDO-SdBNP _bspa _cLC _dBNPHU |
||
| 042 | _apremarc | ||
| 082 |
_a863.2 _bD353r |
||
| 100 | 1 |
_aDelicado, Francisco, _d1475- c. 1535. _940288 |
|
| 245 | 1 | 0 |
_aRetrato de la lozana andaluza / _cFrancisco Delicado ; notas prologares Carlos Ayala. |
| 260 |
_aBarcelona : _bZeus, _c1968. |
||
| 300 |
_a246, [24] p. ; _c17 cm. |
||
| 490 | 1 | _aPodium obras significativas | |
| 650 | 4 |
_aNovela española _91123 |
|
| 650 | 4 |
_aLiteratura española _ySIGLO XVI _98688 |
|
| 700 | 1 |
_aAyala, Carlos, _epról. _940289 |
|
| 830 | 0 |
_aPodium obras significativas _940290 |
|
| 910 | _aCatalogación derivada / LC | ||
| 049 | _aBNGR | ||
| 999 |
_c18168 _d18168 |
||